| 000 | 00656nai a2200193Ia 4500 | ||
|---|---|---|---|
| 003 | IN-BaIIA | ||
| 008 | 211028c9999 xx s 000 0 eng d | ||
| 022 | _a2196-5420 (Online) | ||
| 022 | _a2196-5625 (Print) | ||
| 040 | _cIIA Library | ||
| 245 | 0 |
_aJournal of Modern Power Systems and Clean Energy _h[eJournal] |
|
| 260 |
_aUSA _bSGEPRI |
||
| 310 | _aBimonthly | ||
| 362 | _a1(1); 2013 - Present | ||
| 521 | _bSubscribed through National Knowledge Resource Consortium (NKRC) | ||
| 650 | _aPower, Energy and Industry Applications | ||
| 856 |
_uhttps://ieeexplore.ieee.org/servlet/opac?punumber=8685265 _yClick Here to Access eJournal |
||
| 942 | _cEJ | ||
| 999 |
_c35139 _d35139 |
||